000 00986nam a2200277Ia 4500
003 OSt
005 20221005104518.0
006 a|||||r|||| 00| 0
007 ta
008 221004b |||||||| |||| 00| 0 san d
020 _a9788120824263 (pbk)
_cIndian Rupees
024 _a27975
037 _bGift, 24/10/2016,
_cTextual
040 _aCRL
_cCRL
_bsan
041 _2san
_asan
082 _aO15,2D35,15, 152Q1
100 _aभास
245 0 _aस्वप्नवासवदत्तम्
246 _aSvapnavāsavadattam
260 _aदिल्ली
_bमोतीलाल बनारसीदास भारत
_c2011
300 _a237पृ0
_ccm.
650 _aसंस्कृत साहित्य
700 _a विद्यालšार, जयपाल
_9623794
942 _hO15,2D35,15, 152Q1
_cTEXL
_2cc
999 _c1012928
_d1012928